Word Ladder: The Dark Knight Rises Quiz Stats

 Plays Quiz Updated Jan 17, 2013

Support Sporcle.
Go Orange.
Score 0/18 Timer 02:00
4 Plays Today
Hint 4-Letter Word % Correct
American eagle?BALD
97.8%
A group of musiciansBAND
95.5%
A darkened fontBOLD
93.8%
Inner part of an appleCORE
93.4%
FrigidCOLD
92.6%
Villain in 'The Dark Knight Rises'BANE
87.9%
Soft drinkCOLA
87.5%
House of cards?FULL
80.9%
Actor portraying Batman in 'The Dark Knight Rises'BALE
78.9%
Hint 4-Letter Word % Correct
Liver secretionBILE
78.4%
Case reportFILE
76.1%
Stuff with the maximum amountFILL
73.5%
Study carefully, with overPORE
55.7%
UnblemishedPURE
55.4%
Zip or penal followerCODE
52.4%
Musical sectionCODA
52.1%
Roll up a flagFURL
48.5%
Knitting stitchPURL
46.7%

Today's Daily Dose

Quick Pick
Nissan Models

Get the Picture
Amazing Trees

From the Vault

'The Fellowship of the Ring' Start to Finish

by Thebiguglyalien

Movies 4m
It's a long walk to Mount Doom. Bring your ring.
Remove Ads.
Support Sporcle.
Get the best of Sporcle when you Go Orange. This ad-free experience offers more features, more stats, and more fun while also helping to support Sporcle. Thank you for becoming a member.

Show Comments

Extras

Top Quizzes Today


Score Distribution

Your Account Isn't Verified!

In order to create a playlist on Sporcle, you need to verify the email address you used during registration. Go to your Sporcle Settings to finish the process.

Report this User

Report this user for behavior that violates our Community Guidelines.

Details: